| 000 | 00383 a2200157 4500 | ||
|---|---|---|---|
| 001 | 59950 | ||
| 020 | _a9783190016365 | ||
| 040 | _cAnchieta - Pituba | ||
| 100 | _aEppert, Franz | ||
| 240 | 1 | 0 |
_aDeutsch mit vater und sohn _lpor |
| 245 | 1 | 0 | _aDeutsch mit vater und sohn |
| 300 | _a90 | ||
| 362 | 0 | _a2001 | |
| 650 | 4 | _aLínguas germânicas (teutônicas) língua alemã | |
| 942 | _cBK | ||
| 999 |
_c59950 _d59950 |
||